000 00629nam a2200181Ia 4500
008 100917s9999 xx 000 0 und d
082 _b65176
100 _aनेऊरगावकर स. के.
245 _aश्री ज्ञानदेवांची आळंदी
260 _bउत्कर्ष प्रकाशन
_c1966
300 _a61
365 _b6
520 _aप्रवास
630 _aश्री ज्ञानदेवांची आळंदी
650 _aप्रवास
730 _aश्री ज्ञानदेवांची आळंदी
942 _cBOOK
999 _c670570
_d670567